|
|
|
|
| LEADER |
00000cam a2200000 7i4500 |
| 001 |
0000051213 |
| 005 |
20150921.0 |
| 008 |
150815 |
| 020 |
|
|
|a 9789673220618
|
| 090 |
0 |
0 |
|a 006.696
|b YAY
|
| 100 |
0 |
|
|a Yayan Sopyan
|
| 245 |
1 |
0 |
|a Menguasai Kemahiran Menggunakan Photoshop :
|b Mastering Creative Techniques of Photoshop
|c Yayan Sopyan
|
| 260 |
|
|
|a Kuala Lumpur :
|b SynergyMedia
|
| 300 |
|
|
|a 88pg. :
|b col.ill.
|
| 650 |
|
0 |
|a Photoshop
|
| 999 |
|
|
|a 0001201522
|b Book
|c Adult Collection
|e Cawangan Segamat
|
| 999 |
|
|
|a 0001201523
|b Book
|c Adult Collection
|e Cawangan Muar
|
| 999 |
|
|
|a 0001201524
|b Book
|c Adult Collection
|e Cawangan Tangkak
|
| 999 |
|
|
|a 0001201530
|b Book
|c Adult Collection
|e Cawangan Bandar Tenggara
|
| 999 |
|
|
|a 0001201531
|b Book
|c Adult Collection
|e Cawangan Taman Sri Lambak
|